Second Congress of the United States. At the first session, begun and held at the city of Philadelphia, in the state of Pennsylvania, on Monday the twenty-fourth of October, one thousand seven hundred and ninety-one : An act for the relief of David Cook and Thomas Campbell.
| Corporate Author: | |
|---|---|
| Format: | eBook |
| Language: | English |
| Series: | Early American imprints. Evans (1639-1800) ;
no. 23884. Early American imprints. Evans (1639-1800) ; no. 46330. |
| Subjects: | |
| Online Access: | Evans Digital Edition Evans Digital Edition |
MARC
| Tag | First Indicator | Second Indicator | Subfields |
|---|---|---|---|
| LEADER | 00000cam a2200000 a 4500 | ||
| 001 | in00002147331 | ||
| 006 | m e d # | ||
| 007 | cr mn mmmmabba | ||
| 008 | 810608s1791 pau s f000 0 eng d | ||
| 005 | 20260330192528.6 | ||
| 035 | |z w014377 | ||
| 035 | |a MAAR8106084401B | ||
| 035 | |9 mwa91-7353 | ||
| 035 | |a 346402 | ||
| 035 | |a aas03014377 | ||
| 040 | |a MWA |c MWA |e bdrb |d UtOrBLW | ||
| 110 | 1 | |a United States. | |
| 240 | 1 | 0 | |a Act for the relief of David Cook |
| 245 | 1 | 0 | |a Second Congress of the United States. At the first session, begun and held at the city of Philadelphia, in the state of Pennsylvania, on Monday the twenty-fourth of October, one thousand seven hundred and ninety-one : |b An act for the relief of David Cook and Thomas Campbell. |
| 264 | 3 | |a [Philadelphia] : |b Printed by Childs and Swaine, |c [1791] | |
| 300 | |a 1 sheet (1 unnumbered page) ; |c 34 x 22 cm. | ||
| 336 | |a text |b txt |2 rdacontent | ||
| 337 | |a computer |b c |2 rdamedia | ||
| 338 | |a online resource |b cr |2 rdacarrier | ||
| 500 | |a "Approved, December sixteenth, 1791." | ||
| 500 | |a Two states noted. One, Bristol B7874, is without imprint and has statement of deposition: Deposited among the rolls in the Office of the Secretary of State [blank] secretary of state. The other, Evans 23884, has imprint and is without statement of deposition; printed area measures 22.1 x 13.0 cm. | ||
| 510 | 4 | |a Evans |c 23884 | |
| 510 | 4 | |a Bristol |c B7874 | |
| 510 | 4 | |a Shipton & Mooney |c 46330 | |
| 530 | |a Microform version available in the Readex Early American Imprints series. | ||
| 533 | |a Electronic text and image data. |b [Chester, Vt. : |c Readex, a division of Newsbank, Inc., |d 2002-2004. |e Includes files in TIFF, GIF and PDF formats with inclusion of keyword searchable text. |f (Early American imprints. First series ; no. 23884). | ||
| 533 | |a Electronic text and image data. |b [Chester, Vt. : |c Readex, a division of Newsbank, Inc., |d 2002-2004. |e Includes files in TIFF, GIF and PDF formats with inclusion of keyword searchable text. |f (Early American imprints. First series ; no. 46330). | ||
| 500 | |a Electronic resource. | ||
| 600 | 1 | 0 | |a Cook, David, |d 1731-1823. |
| 600 | 1 | 0 | |a Campbell, Thomas, |d 1750?-1815. |
| 650 | 0 | |a Military pensions |z United States |y Revolution, 1775-1783. | |
| 655 | 7 | |a Broadsides. |2 rbgenr | |
| 740 | 0 | |a Act for the relief of David Cook and Thomas Campbell. | |
| 752 | |a United States |b Pennsylvania |d Philadelphia. | ||
| 830 | 0 | |a Early American imprints. |n Series I, |p Evans (1639-1800) ; |v no. 23884. | |
| 830 | 0 | |a Early American imprints. |n Series I, |p Evans (1639-1800) ; |v no. 46330. | |
| 856 | 4 | 1 | |u http://proxy.library.tamu.edu/login?url=https://opac.newsbank.com/select/evans/23884 |y Evans Digital Edition |t 0 |
| 856 | 4 | 1 | |u http://proxy.library.tamu.edu/login?url=https://opac.newsbank.com/select/evans/46330 |y Evans Digital Edition |t 0 |
| 999 | |a MARS | ||
| 999 | f | f | |s 22a2443d-abb1-3bdf-a6dc-ee659d4c417f |i 170dd7bd-5732-3ba5-946f-9f4b7befe484 |t 0 |
| 952 | f | f | |a Texas A&M University |b College Station |c Electronic Resources |s www_evans |d Available Online |t 0 |h No information provided |
| 998 | f | f | |t 0 |l Available Online |